000
00272nam a2200121Ia 4500
008
190216s9999||||xx |||||||||||||| ||und||
100
_a
Mayah Balse
245
4
_a
The Stranger
260
_b
Vikas Publishing House
_c
1977
300
_a
107p
650
_a
Novel
942
_c
BK
999
_c
12844
_d
12844